• 首页
  • 本馆介绍
  • 公告通知
  • 最新文献
  • 馆藏检索
  • 电子资源
  • 读者导购
  • 参考咨询
  • 我的图书馆
  • 登录
  • 详细信息显示
  • 放入我的书架
  • 预约/预借图书
  • 作者相关作品
  • 分类相关作品
  • 丛书相关作品
  • 出版社相关作品

书目信息

  • 表格格式
  • 工作单格式
  • 卡片格式
题名:
侧吹转炉炼钢专辑
    
 
作者: ;冶金部 , 冶金工业出版社 编
分册: 第二辑  
出版信息: 北京   冶金工业出版社  1958
页数: 203页
开本: 20cm
丛书名:
单 册:
中图分类: TF716
科图分类:
主题词: 侧吹转炉炼钢
电子资源:
ISBN: 15062.930
000 00751cam0 2200241 450
001 0105438986
005 20061101091202.0
010    @a15062.930@dCNY1.10
091    @a15062.930
100    @a19980305d1958 em y0chiy0110 ea
101 0  @achi
102    @aCN@b110000
105    @ay z 000yy
106    @ar
200 1  @a侧吹转炉炼钢专辑@9Ce;Ze;Zhai Chui Zhuan;Zhuai Lu Lian Gang Zhuan Ji @e1956@f冶金工业部钢铁司,冶金工业出版社合编@h第二辑@b专著
210    @a北京@c冶金工业出版社@d1958
215    @a203页@d20cm
606 0  @a侧吹转炉炼钢
690    @aTF716@v3
711 02 @a冶金部@b钢铁司@9ye jin bu gang tie si@4编
711 02 @a冶金工业出版社@9ye jin gong ye chu ban she@4编
801  0 @aCN@bAiZhiMarc
905    @aBZT@dTF716@e2:2@f1@sTF716/2:2
    
    侧吹转炉炼钢专辑:1956/冶金工业部钢铁司,冶金工业出版社合编.第二辑.-北京:冶金工业出版社,1958
    203页;20cm
    
    
    ISBN 15062.930:CNY1.10
    
●
相关链接 在五车中查询图书 在当当中查询图书 在豆瓣中查询图书


正题名:侧吹转炉炼钢专辑     索取号:TF716/2:2         预约/预借

序号 登录号 条形码 馆藏地/架位号 状态 备注
1 2000080445   2000080445   旧书回溯/ [索取号:TF716/2:2] 在馆    
山东省滨州职业学院图书馆 欢迎您!
大连网信软件有限公司© 版权所有